| 000 | 01344nam a22003254a 4500 | ||
|---|---|---|---|
| 001 | ebr10328797 | ||
| 003 | CaPaEBR | ||
| 006 | m u | ||
| 007 | cr cn||||||||| | ||
| 008 | 030521s2003 maua sb 001 0 eng | ||
| 010 | _z 2003051084 | ||
| 020 | _z0674011708 | ||
| 040 |
_aCaPaEBR _cCaPaEBR |
||
| 035 | _a(OCoLC)451021757 | ||
| 043 | _an-us--- | ||
| 050 | 1 | 4 |
_aQP277 _b.M356 2003eb |
| 082 | 0 | 4 |
_a176 _221 |
| 100 | 1 | _aMaienschein, Jane. | |
| 245 | 1 | 0 |
_aWhose view of life? _h[electronic resource] : _bembryos, cloning, and stem cells / _cJane Maienschein. |
| 260 |
_aCambridge, Mass. : _bHarvard University Press, _c2003. |
||
| 300 |
_axiii, 342 p. : _bill. |
||
| 504 | _aIncludes bibliographical references (p. [307]-328) and index. | ||
| 533 |
_aElectronic reproduction. _bPalo Alto, Calif. : _cebrary, _d2013. _nAvailable via World Wide Web. _nAccess may be limited to ebrary affiliated libraries. |
||
| 650 | 0 |
_aHuman embryo _xResearch _xPolitical aspects _zUnited States. |
|
| 650 | 0 |
_aStem cells _xResearch _xPolitical aspects _zUnited States. |
|
| 650 | 0 |
_aHuman cloning _xResearch _xPolitical aspects _zUnited States. |
|
| 655 | 7 |
_aElectronic books. _2local |
|
| 710 | 2 | _aebrary, Inc. | |
| 856 | 4 | 0 |
_uhttp://site.ebrary.com/lib/rucke/Doc?id=10328797 _zAn electronic book accessible through the World Wide Web; click to view |
| 999 |
_c55312 _d55312 |
||